| 000 | 00538nam a22001937a 4500 | ||
|---|---|---|---|
| 003 | BD-ChCU | ||
| 005 | 20251126093001.0 | ||
| 008 | 251126b ii ||||| |||| 00| 0 eng d | ||
| 040 | _cBD-ChCU | ||
| 082 | _a677.0287 SKT | ||
| 100 |
_aSkinkle, John H. _916919 |
||
| 245 |
_aTextile testing; physical, chemical and microscopical / _cJohn H. Skinkle |
||
| 250 | _a2nd ed. | ||
| 260 |
_aN.Y.: _b Bombay, _cc1972 |
||
| 300 | _axii, 353p. | ||
| 504 | _aIncludes illus tab. | ||
| 650 | 0 |
_aTextile Chemistry _916923 |
|
| 942 |
_2ddc _cBK _n0 |
||
| 999 |
_c109841 _d109841 |
||